| 000 | 00785nam a22002537a 4500 | ||
|---|---|---|---|
| 001 | 000419 | ||
| 003 | DO-SdBNP | ||
| 005 | 20160725143633.0 | ||
| 007 | 000419 | ||
| 008 | 160725b nyu 1996 ||||| |||| 00| 0 spa d | ||
| 020 | _a0590934252 | ||
| 040 |
_aBPMSU _bspa _cBPMSU |
||
| 092 |
_axxxxx _bxxxxx |
||
| 100 | 1 |
_aDanziger, Paula, _d1944-2004. |
|
| 245 | 1 | 0 |
_aAmber Brown goes fourth / _cPaula Danziger ; interior illustrations by Tony Ross ; cover illustration by Jacquelyn Rogers. |
| 260 |
_aNew York : _bScholastic, _c1996. |
||
| 300 |
_a101 p. : _bil. ; _c20 cm. |
||
| 490 | 1 | _aAmber Brown | |
| 500 | _a"A Little Apple Paperback." | ||
| 700 |
_aRoss, Tony, _d1938- _eil. |
||
| 830 | 0 | _aAmber Brown | |
| 942 |
_2ddc _cBK |
||
| 956 |
_2LOPEREZ _310 _620160725 _8BPMSU _a00041 |
||
| 999 |
_c11021 _d11021 |
||